<?xml version="1.0" encoding="UTF-8"?>
<record
    xmlns:xsi="http://www.w3.org/2001/XMLSchema-instance"
    xsi:schemaLocation="http://www.loc.gov/MARC21/slim http://www.loc.gov/standards/marcxml/schema/MARC21slim.xsd"
    xmlns="http://www.loc.gov/MARC21/slim">

  <leader>03345cam a2200445 a 4500</leader>
  <controlfield tag="001">15847922</controlfield>
  <controlfield tag="003">OSt</controlfield>
  <controlfield tag="005">20260415092534.0</controlfield>
  <controlfield tag="008">090803s2010    enka     b    001 0 eng  </controlfield>
  <datafield tag="010" ind1=" " ind2=" ">
    <subfield code="a">  2009031839</subfield>
  </datafield>
  <datafield tag="015" ind1=" " ind2=" ">
    <subfield code="a">GBA9A5978</subfield>
    <subfield code="2">bnb</subfield>
  </datafield>
  <datafield tag="016" ind1="7" ind2=" ">
    <subfield code="a">015408423</subfield>
    <subfield code="2">Uk</subfield>
  </datafield>
  <datafield tag="020" ind1=" " ind2=" ">
    <subfield code="a">9780415551137</subfield>
    <subfield code="q">hc : alk. paper</subfield>
  </datafield>
  <datafield tag="020" ind1=" " ind2=" ">
    <subfield code="a">9780415551144</subfield>
    <subfield code="q">pbk. : alk. paper</subfield>
  </datafield>
  <datafield tag="020" ind1=" " ind2=" ">
    <subfield code="a">0415551137</subfield>
    <subfield code="q">hc : alk. paper</subfield>
  </datafield>
  <datafield tag="020" ind1=" " ind2=" ">
    <subfield code="a">0415551145</subfield>
    <subfield code="q">pbk. : alk. paper</subfield>
  </datafield>
  <datafield tag="035" ind1=" " ind2=" ">
    <subfield code="a">15847922</subfield>
  </datafield>
  <datafield tag="035" ind1=" " ind2=" ">
    <subfield code="a">(OCoLC)308216860</subfield>
  </datafield>
  <datafield tag="040" ind1=" " ind2=" ">
    <subfield code="a">DLC</subfield>
    <subfield code="c">DLC</subfield>
    <subfield code="d">YDX</subfield>
    <subfield code="d">BTCTA</subfield>
    <subfield code="d">UKM</subfield>
    <subfield code="d">YDXCP</subfield>
    <subfield code="d">OMB</subfield>
    <subfield code="d">BWX</subfield>
    <subfield code="d">CDX</subfield>
    <subfield code="d">DEBBG</subfield>
    <subfield code="d">DLC</subfield>
  </datafield>
  <datafield tag="050" ind1="0" ind2="0">
    <subfield code="a">NA2750</subfield>
    <subfield code="b">.H85 2010</subfield>
  </datafield>
  <datafield tag="082" ind1="0" ind2="0">
    <subfield code="a">720.104 H85 2010</subfield>
    <subfield code="2">22</subfield>
  </datafield>
  <datafield tag="084" ind1=" " ind2=" ">
    <subfield code="a">ARC 768f</subfield>
    <subfield code="2">stub</subfield>
  </datafield>
  <datafield tag="245" ind1="0" ind2="4">
    <subfield code="a">The humanities in architectural design :</subfield>
    <subfield code="b">a contemporary and historical perspective /</subfield>
    <subfield code="c">edited by Soumyen Bandyopadhyay ... [et al.].</subfield>
  </datafield>
  <datafield tag="260" ind1=" " ind2=" ">
    <subfield code="a">Milton Park, Abingdon, Oxon ;</subfield>
    <subfield code="a">New York, NY :</subfield>
    <subfield code="b">Routledge,</subfield>
    <subfield code="c">2010.</subfield>
  </datafield>
  <datafield tag="300" ind1=" " ind2=" ">
    <subfield code="a">xxii, 264 p. :</subfield>
    <subfield code="b">ill. ;</subfield>
    <subfield code="c">24 cm.</subfield>
  </datafield>
  <datafield tag="336" ind1=" " ind2=" ">
    <subfield code="a">text</subfield>
    <subfield code="b">txt</subfield>
    <subfield code="2">rdacontent</subfield>
  </datafield>
  <datafield tag="337" ind1=" " ind2=" ">
    <subfield code="a">unmediated</subfield>
    <subfield code="b">n</subfield>
    <subfield code="2">rdamedia</subfield>
  </datafield>
  <datafield tag="338" ind1=" " ind2=" ">
    <subfield code="a">volume</subfield>
    <subfield code="b">nc</subfield>
    <subfield code="2">rdacarrier</subfield>
  </datafield>
  <datafield tag="504" ind1=" " ind2=" ">
    <subfield code="a">Includes bibliographical references and index.</subfield>
  </datafield>
  <datafield tag="505" ind1="0" ind2=" ">
    <subfield code="a">Part I. Freedom in the shadow of uncertainty : The responsibility of architectural design / Karsten Harries -- inHumanities: ethics "inn" architectural praxis / Leonidas Koutsoumpos -- Cultivating architects: history in architectural education / Alexandra Stara -- The architect as humanist / Leslie Kavanaugh -- Migration, emancipation and architecture / James McQuillan -- Part II. The spectre of technology : Fantasies of the end of technology / Jonathan Sawday -- Le Corbusier and the other humanities / Andrzej Piotrowski -- Humanist machines: Daniel Libeskind's "Three lessons in architecture" / Ersi Ioannidou -- Draw like a builder, build like a writer / Alex Graef and Edmund Frith -- The word made flesh: in the name of the surveyor, the nomad, and the lunatic / Peter D. Waldman -- Part III. Measures of awareness : Creative inspirations or intellectual impasses? Reflections on relationships between architecture and the humanities / Nader El-Bizri -- The human mind and design creativity: Leon Battista Alberti and lineamenta / Nikolaos-Ion Terzoglou -- Renaissance visual thinking: architectural representation as a medium to contemplate "real appearance" / Federica Goffi-Hamilton -- Neoplatonism at the Accedemia di San Luca in Rome / John Hendrix -- Who's on first? / Donald Kunze -- Part 4. Challenges of instrumental knowledge : Architecture as a humanistic discipline / Dalibor Vesely -- The situational space of Andr&#xE9; Breton's atelier and personal museum in Paris / Dagmar Motycka Weston -- L'histoire assassin&#xE9;e: Manfredo Tafuri and the present / Teresa Stoppani -- Nature choreographed / Anne-Louise Sommer -- The birth of modernity out of the spirit of music? Henry van de Velde and the Nietzsche Archive / Ole W. Fischer.</subfield>
  </datafield>
  <datafield tag="650" ind1=" " ind2="0">
    <subfield code="a">Architectural design.</subfield>
  </datafield>
  <datafield tag="650" ind1=" " ind2="0">
    <subfield code="a">Humanities.</subfield>
  </datafield>
  <datafield tag="650" ind1=" " ind2="0">
    <subfield code="a">Architecture and society.</subfield>
  </datafield>
  <datafield tag="650" ind1=" " ind2="0">
    <subfield code="a">Design and technology.</subfield>
  </datafield>
  <datafield tag="700" ind1="1" ind2=" ">
    <subfield code="a">Bandyopadhyay, Soumyen.</subfield>
  </datafield>
  <datafield tag="906" ind1=" " ind2=" ">
    <subfield code="a">7</subfield>
    <subfield code="b">cbc</subfield>
    <subfield code="c">orignew</subfield>
    <subfield code="d">1</subfield>
    <subfield code="e">ecip</subfield>
    <subfield code="f">20</subfield>
    <subfield code="g">y-gencatlg</subfield>
  </datafield>
  <datafield tag="942" ind1=" " ind2=" ">
    <subfield code="2">ddc</subfield>
    <subfield code="c">BK-EN</subfield>
    <subfield code="n">0</subfield>
  </datafield>
  <datafield tag="999" ind1=" " ind2=" ">
    <subfield code="c">8902</subfield>
    <subfield code="d">8902</subfield>
  </datafield>
  <datafield tag="952" ind1=" " ind2=" ">
    <subfield code="0">0</subfield>
    <subfield code="1">0</subfield>
    <subfield code="2">ddc</subfield>
    <subfield code="4">0</subfield>
    <subfield code="7">0</subfield>
    <subfield code="a">CENTRAL</subfield>
    <subfield code="b">TUWAIQ</subfield>
    <subfield code="d">2026-04-15</subfield>
    <subfield code="l">0</subfield>
    <subfield code="o">720.104 H85 2010</subfield>
    <subfield code="p">1000000029203</subfield>
    <subfield code="r">2026-04-15 09:26:01</subfield>
    <subfield code="w">2026-04-15</subfield>
    <subfield code="y">BK-EN</subfield>
  </datafield>
</record>
